[Event "Pardubice Czech op-D 29th"]
[Site "Pardubice"]
[Date "2018.07.23"]
[Round "4"]
[White "Buchloh, Adrian"]
[Black "Voith, Walter"]
[Result "1-0"]
[WhiteElo "1639"]
[BlackElo "1475"]
[PlyCount "41"]
[EventDate "2018.07.21"]
[EventType "swiss"]
[EventRounds "9"]
[EventCountry "CZE"]
[SourceTitle "CBM 186 Extra"]
[Source "ChessBase"]
[SourceDate "2018.08.24"]
[SourceVersion "1"]
[SourceVersionDate "2018.08.24"]
[SourceQuality "1"]

1. e4 d5 2. exd5 Qxd5 3. Nc3 Qd6 4. d4 Nf6 5. Nf3 a6 6. Bc4 e6 7. 0-0 Be7 8. Re1 b5 9. Bd3 Bb7 10. Ne4 Nxe4 11. Bxe4 Bxe4 12. Rxe4 c5 13. Bf4 Qd8 14. Ne5 Qd5 15. Qf3 Nd7 16. Nxd7 Kxd7 17. dxc5 Qxc5 18. Rd1+ Ke8 19. Rc4 Qa7 20. Rc7 Qb8 21. Rxe7+ 1-0

[Event "Oberpfalz-ch M3"]
[Site "Bad Koetzting"]
[Date "2018.03.24"]
[Round "2"]
[White "Horeth, Marco"]
[Black "Voith, Walter"]
[Result "1-0"]
[WhiteElo "1061"]
[BlackElo "1489"]
[PlyCount "77"]
[EventDate "2018.03.24"]
[EventType "swiss"]
[EventRounds "8"]
[EventCountry "GER"]
[SourceTitle "EXT 2020"]
[Source "ChessBase"]
[SourceDate "2019.10.17"]
[SourceVersion "1"]
[SourceVersionDate "2019.10.17"]
[SourceQuality "1"]

1. e4 d5 2. exd5 Qxd5 3. Nc3 Qd6 4. d4 Nf6 5. Nb5 Qd8 6. Bf4 Na6 7. c4 c6 8. Nc3 Bf5 9. a3 e6 10. Nf3 Be7 11. h3 h6 12. Bd3 Bxd3 13. Qxd3 0-0 14. 0-0 Bd6 15. Bd2 Qc7 16. Ne4 Nxe4 17. Qxe4 Rad8 18. Qg4 Kh8 19. c5 Be7 20. Qh5 Rd5 21. Qg4 Bf6 22. Bf4 e5 23. Bg3 Nb8 24. Rfe1 Nd7 25. Re4 g6 26. h4 Bg7 27. Qh3 f5 28. Nxe5 Nxe5 29. Bxe5 Bxe5 30. Rxe5 Rxd4 31. Rae1 Rf7 32. h5 g5 33. Rxf5 Kg7 34. Rfe5 Rd2 35. Qe6 Rdxf2 36. Qg6+ Kh8 37. Qxh6+ Kg8 38. Rxg5+ Rg7 39. Rxg7+ 1-0

[Event "Hradec Kralove op 8th"]
[Site "Hradec Kralove"]
[Date "2017.10.08"]
[Round "9"]
[White "Aird, Ian"]
[Black "Voith, Walter"]
[Result "1-0"]
[WhiteElo "1809"]
[BlackElo "1460"]
[PlyCount "59"]
[EventDate "2017.10.01"]
[EventType "swiss"]
[EventRounds "9"]
[EventCountry "CZE"]
[SourceTitle "CBM 181 Extra"]
[Source "ChessBase"]
[SourceDate "2017.12.12"]
[SourceVersion "1"]
[SourceVersionDate "2017.12.12"]
[SourceQuality "1"]

1. c4 Nf6 2. Nc3 e6 3. e4 d6 4. Nf3 Nbd7 5. d4 Be7 6. Be2 0-0 7. 0-0 e5 8. h3 c6 9. Be3 Re8 10. Qc2 Bf8 11. Rfd1 Qe7 12. d5 c5 13. Ne1 h6 14. Nd3 Nh7 15. b4 a6 16. bxc5 dxc5 17. Bg4 g6 18. Bxd7 Bxd7 19. Nxc5 Bxh3 20. gxh3 Qh4 21. Kh2 Bxc5 22. Bxc5 Ng5 23. Rd3 f5 24. exf5 e4 25. Rg3 gxf5 26. Rag1 Kh7 27. Qe2 Rg8 28. Be7 Nf3+ 29. Qxf3 exf3 30. Bxh4 1-0

[Event "Oberpfalz-ch M3"]
[Site "Windischeschenbach"]
[Date "2017.04.08"]
[Round "2"]
[White "Gabler, Jan"]
[Black "Voith, Walter"]
[Result "0-1"]
[WhiteElo "1024"]
[BlackElo "1502"]
[PlyCount "30"]
[EventDate "2017.04.08"]
[EventType "swiss"]
[EventRounds "8"]
[EventCountry "GER"]
[SourceTitle "EXT 2020"]
[Source "ChessBase"]
[SourceDate "2019.10.17"]
[SourceVersion "1"]
[SourceVersionDate "2019.10.17"]
[SourceQuality "1"]

1. e4 d5 2. exd5 Qxd5 3. Nc3 Qd6 4. Be2 Nf6 5. Nf3 a6 6. 0-0 b5 7. a3 Bb7 8. d3 e6 9. Bg5 Nbd7 10. Re1 Be7 11. Qd2 0-0 12. Bf4 Qc6 13. Bg5 Rfe8 14. Bxf6 Nxf6 15. Ne5 Qxg2# 0-1

[Event "Nittenau-ch 16th"]
[Site "Nittenau"]
[Date "2016.09.18"]
[Round "4"]
[White "Voith, Walter"]
[Black "Braun, Dieter"]
[Result "1-0"]
[WhiteElo "1521"]
[BlackElo "1701"]
[PlyCount "69"]
[EventDate "2016.09.16"]
[EventType "swiss"]
[EventRounds "5"]
[EventCountry "GER"]
[SourceTitle "EXT 2022"]
[Source "ChessBase"]
[SourceDate "2021.10.06"]
[SourceVersion "1"]
[SourceVersionDate "2021.10.06"]
[SourceQuality "1"]

1. Nf3 Nf6 2. g3 g6 3. Bg2 Bg7 4. d3 c5 5. e4 d6 6. Nbd2 Nc6 7. 0-0 0-0 8. c3 Qc7 9. Qe2 e5 10. a4 b6 11. Nc4 Bb7 12. Nh4 a6 13. f4 b5 14. Ne3 Ne7 15. f5 d5 16. fxg6 hxg6 17. Ng4 Nxg4 18. Qxg4 dxe4 19. dxe4 Rad8 20. axb5 axb5 21. Bg5 Bc8 22. Qe2 c4 23. Be3 Nc6 24. Bf3 Bh3 25. Rfd1 Be6 26. Ng2 Ra8 27. Bc5 Rfd8 28. Rxa8 Rxa8 29. Ba3 Rd8 30. Ne3 Qb6 31. Kg2 Rxd1 32. Nxd1 Bh6 33. Qf2 Qxf2+ 34. Nxf2 f5 35. exf5 1-0

[Event "Plzen op 6th"]
[Site "Plzen"]
[Date "2014.11.28"]
[Round "6"]
[White "Berka, Lubos"]
[Black "Voith, Walter"]
[Result "1-0"]
[WhiteElo "1751"]
[BlackElo "1650"]
[PlyCount "27"]
[EventDate "2014.11.23"]
[EventType "swiss"]
[EventRounds "7"]
[EventCountry "CZE"]
[SourceTitle "CBM 163 Extra"]
[Source "ChessBase"]
[SourceDate "2014.12.23"]
[SourceVersion "1"]
[SourceVersionDate "2014.12.23"]
[SourceQuality "1"]

1. e4 d5 2. exd5 Qxd5 3. Nc3 Qa5 4. d4 Nf6 5. Bd2 c6 6. Nf3 Bf5 7. Be2 e6 8. 0-0 Nbd7 9. a3 h6 10. Re1 Bd6 11. Nb5 Bxh2+ 12. Nxh2 Qd8 13. Nd6+ Ke7 14. Nxf5+ 1-0

[Event "Plzen op 6th"]
[Site "Plzen"]
[Date "2014.11.27"]
[Round "5"]
[White "Voith, Walter"]
[Black "Steinkellner, Rudolf"]
[Result "0-1"]
[WhiteElo "1650"]
[BlackElo "1767"]
[PlyCount "78"]
[EventDate "2014.11.23"]
[EventType "swiss"]
[EventRounds "7"]
[EventCountry "CZE"]
[SourceTitle "CBM 163 Extra"]
[Source "ChessBase"]
[SourceDate "2014.12.23"]
[SourceVersion "1"]
[SourceVersionDate "2014.12.23"]
[SourceQuality "1"]

1. e4 c5 2. Nf3 Nc6 3. d3 g6 4. g3 Bg7 5. Bg2 d6 6. 0-0 Nf6 7. Nbd2 0-0 8. Re1 Nd7 9. a4 Rb8 10. Nc4 a6 11. a5 b5 12. axb6 Nxb6 13. Nxb6 Rxb6 14. c3 Bg4 15. h3 Bd7 16. d4 cxd4 17. cxd4 Qc8 18. Kh2 Nb8 19. Ra3 Bb5 20. Bf1 Qb7 21. Bxb5 Rxb5 22. Qc2 Rc8 23. Rc3 Rc6 24. Re2 Rxc3 25. bxc3 Nd7 26. Nd2 Qc6 27. Qd3 Rb8 28. Nc4 Rc8 29. Ne3 Qxc3 30. Qxc3 Rxc3 31. Bb2 Rc8 32. f4 Rb8 33. e5 dxe5 34. dxe5 e6 35. Nc4 Bf8 36. Rd2 Nb6 37. Nd6 Nd5 38. Kg2 a5 39. Rc2 Ne3+ 0-1

[Event "Nittenau-ch 14th"]
[Site "Nittenau"]
[Date "2014.09.07"]
[Round "5"]
[White "Voith, Walter"]
[Black "Schmidt, Franz"]
[Result "1-0"]
[WhiteElo "1468"]
[BlackElo "1686"]
[PlyCount "89"]
[EventDate "2014.09.05"]
[EventType "swiss"]
[EventRounds "5"]
[EventCountry "GER"]
[SourceTitle "CBM 162 Extra"]
[Source "ChessBase"]
[SourceDate "2014.10.17"]
[SourceVersion "1"]
[SourceVersionDate "2014.10.17"]
[SourceQuality "1"]

1. e4 e5 2. f4 exf4 3. Nf3 g5 4. h4 g4 5. Ne5 Nf6 6. Bc4 d5 7. exd5 Bd6 8. d4 f3 9. gxf3 g3 10. Qe2 Bxe5 11. dxe5 Nxd5 12. Bg5 Qd7 13. Nd2 h6 14. Bf6 Nf4 15. Qe4 Ng2+ 16. Ke2 Rg8 17. Rad1 Nc6 18. c3 Qf5 19. Bd5 Nf4+ 20. Ke3 Nxd5+ 21. Qxd5 Be6 22. Qc5 g2 23. Rhg1 Rg3 24. Kf2 Qf4 25. b3 Rg6 26. Ne4 Bg4 27. Qe3 Qxe3+ 28. Kxe3 Bh3 29. Nf2 Bf5 30. Kf4 Be6 31. h5 Rg8 32. Ng4 Bxg4 33. fxg4 Ne7 34. Rxg2 Rd8 35. Rxd8+ Kxd8 36. Rd2+ Ke8 37. a3 Nc6 38. b4 Ne7 39. a4 b6 40. b5 c6 41. Rd6 c5 42. Rd2 Rf8 43. Bg7 Rg8 44. Bxh6 Nc8 45. Bg5 1-0

[Event "Nittenau-ch 14th"]
[Site "Nittenau"]
[Date "2014.09.06"]
[Round "2"]
[White "Erhard, Walter"]
[Black "Voith, Walter"]
[Result "1/2-1/2"]
[WhiteElo "1221"]
[BlackElo "1468"]
[PlyCount "133"]
[EventDate "2014.09.05"]
[EventType "swiss"]
[EventRounds "5"]
[EventCountry "GER"]
[SourceTitle "CBM 162 Extra"]
[Source "ChessBase"]
[SourceDate "2014.10.17"]
[SourceVersion "1"]
[SourceVersionDate "2014.10.17"]
[SourceQuality "1"]

1. d4 Nf6 2. Nf3 e6 3. c4 b6 4. g3 Bb7 5. Bg2 Bb4+ 6. Bd2 Qe7 7. 0-0 0-0 8. Qb3 Bxd2 9. Nbxd2 Ne4 10. Rfd1 f5 11. e3 d6 12. Rac1 Nd7 13. Qc2 Ndf6 14. Ne1 Rab8 15. f3 Nxd2 16. Qxd2 g5 17. a3 Rf7 18. Nd3 h5 19. f4 Bxg2 20. Qxg2 Ne4 21. Nf2 Nxf2 22. Qxf2 g4 23. Re1 d5 24. Rc2 Qd6 25. c5 bxc5 26. Rxc5 Qb6 27. Re2 Kg7 28. Rec2 Re7 29. Rc6 Qb7 30. R6c3 Rc8 31. Rc6 Kf6 32. Qe2 Rh7 33. Qa6 Qxa6 34. Rxa6 Ra8 35. Rac6 Rb8 36. b4 Rb7 37. Ra6 Ke7 38. Rc5 h4 39. b5 hxg3 40. hxg3 Kd7 41. a4 Rh6 42. a5 Kc8 43. b6 axb6 44. axb6 Kd7 45. bxc7 Rxc7 46. Rxc7+ Kxc7 47. Ra5 Kb6 48. Rc5 Rh7 49. Kg2 Ra7 50. Rc2 Ra4 51. Kf2 Rc4 52. Rb2+ Kc6 53. Ke2 Rc1 54. Kf2 Kd6 55. Rb6+ Ke7 56. Rb7+ Kf6 57. Rb2 Rh1 58. Kg2 Rd1 59. Kf2 Rc1 60. Ke2 Ke7 61. Kf2 Kd6 62. Ke2 Rh1 63. Rb6+ Kd7 64. Rb5 Rh2+ 65. Kf1 Rc2 66. Rb7+ Kc6 67. Rb3 1/2-1/2

[Event "Liberec op 14th"]
[Site "Liberec"]
[Date "2013.11.02"]
[Round "9"]
[White "Jina, Lubos"]
[Black "Voith, Walter"]
[Result "1-0"]
[WhiteElo "1781"]
[BlackElo "1677"]
[PlyCount "95"]
[EventDate "2013.10.26"]
[EventType "swiss"]
[EventRounds "9"]
[EventCountry "CZE"]
[SourceTitle "EXT 2014"]
[Source "ChessBase"]
[SourceDate "2013.11.20"]
[SourceVersion "1"]
[SourceVersionDate "2013.11.20"]
[SourceQuality "1"]

1. d4 Nf6 2. c4 e6 3. Nc3 Bb4 4. Qc2 c5 5. e3 d5 6. a3 Bxc3+ 7. bxc3 b6 8. dxc5 bxc5 9. Be2 Nc6 10. Nf3 0-0 11. 0-0 Qa5 12. cxd5 exd5 13. c4 d4 14. exd4 Nxd4 15. Nxd4 cxd4 16. Bb2 Bf5 17. Bd3 Bxd3 18. Qxd3 Rad8 19. Bxd4 Qh5 20. Qc3 Ne4 21. Qb2 f6 22. Be3 f5 23. Qc2 Rd7 24. Rad1 Rfd8 25. Rxd7 Rxd7 26. c5 Qg6 27. f3 Nf6 28. c6 Rc7 29. Bf4 Rc8 30. Qb3+ Qf7 31. Qb7 Qe6 32. Rc1 Nd5 33. Bd2 Rc7 34. Qb1 Kf7 35. Qb5 f4 36. Qc4 g6 37. Bxf4 Rc8 38. Bd2 Qd6 39. Bb4 Qe6 40. Bd2 Kf6 41. Qd4+ Kf7 42. Qc5 Ne7 43. c7 Qd7 44. Ba5 Nd5 45. Rd1 Ke6 46. Qc4 Qd6 47. Qe4+ Qe5 48. Rxd5 1-0

[Event "Novy Bor op-A"]
[Site "Novy Bor"]
[Date "2013.02.16"]
[Round "9"]
[White "Petruzalek, Radim"]
[Black "Voith, Walter"]
[Result "1-0"]
[WhiteElo "1608"]
[BlackElo "1692"]
[PlyCount "110"]
[EventDate "2013.02.09"]
[EventType "swiss"]
[EventRounds "9"]
[EventCountry "CZE"]
[SourceTitle "CBM 152 Extra"]
[Source "ChessBase"]
[SourceDate "2013.02.25"]
[SourceVersion "1"]
[SourceVersionDate "2013.02.25"]
[SourceQuality "1"]

1. d4 g6 2. Nf3 Bg7 3. e3 d5 4. b3 Nf6 5. Nbd2 0-0 6. Bd3 b6 7. Bb2 Bb7 8. 0-0 Nbd7 9. Ne5 Rc8 10. Rc1 c5 11. Kh1 Rc7 12. c4 e6 13. Qe2 Qa8 14. f3 cxd4 15. Nxd7 Nxd7 16. Bxd4 Bxd4 17. exd4 dxc4 18. Rxc4 Rxc4 19. Bxc4 Nf6 20. Bd3 Nd5 21. Be4 Re8 22. Bxd5 Bxd5 23. Qd3 a6 24. Re1 b5 25. Ne4 Kg7 26. Qd2 f6 27. Qf4 Rf8 28. Rc1 Qd8 29. Qc7+ Qxc7 30. Rxc7+ Rf7 31. Rxf7+ Kxf7 32. Nc5 a5 33. Kg1 Ke7 34. Kf2 g5 35. a3 Kd6 36. b4 axb4 37. axb4 f5 38. g3 Bc4 39. Ke3 Kd5 40. Nd7 h5 41. Nf6+ Kd6 42. Nxh5 e5 43. dxe5+ Kxe5 44. f4+ Ke6 45. fxg5 Ke5 46. g6 Bg8 47. h3 Kd5 48. Kd3 Ke5 49. Ke3 Bb3 50. g4 fxg4 51. hxg4 Be6 52. g7 Bg8 53. g5 Ke6 54. Nf6 Kf7 55. Nxg8 Kxg8 1-0

[Event "Novy Bor op-A"]
[Site "Novy Bor"]
[Date "2013.02.09"]
[Round "1"]
[White "Voith, Walter"]
[Black "Vavrinec, Tomas"]
[Result "0-1"]
[WhiteElo "1692"]
[BlackElo "2018"]
[PlyCount "84"]
[EventDate "2013.02.09"]
[EventType "swiss"]
[EventRounds "9"]
[EventCountry "CZE"]
[SourceTitle "CBM 152 Extra"]
[Source "ChessBase"]
[SourceDate "2013.02.25"]
[SourceVersion "1"]
[SourceVersionDate "2013.02.25"]
[SourceQuality "1"]

1. Nf3 Nf6 2. c4 c5 3. Nc3 Nc6 4. g3 g6 5. Bg2 Bg7 6. 0-0 0-0 7. d3 d5 8. cxd5 Nxd5 9. Nxd5 Qxd5 10. a3 Rd8 11. Qc2 b6 12. Bd2 Bb7 13. Bc3 Nd4 14. Bxd4 cxd4 15. Nh4 Qd7 16. Bxb7 Qxb7 17. Qd2 Rd5 18. Rac1 g5 19. Ng2 Qd7 20. Rc2 Qh3 21. Rc7 Re5 22. b4 Qg4 23. f3 Qe6 24. Re1 Bh6 25. g4 a5 26. Kf1 axb4 27. Qxb4 Rd8 28. Qb2 Bg7 29. Rec1 Red5 30. R1c6 Qe5 31. Kg1 Rb5 32. Qc2 Bf8 33. Rc8 Rxc8 34. Rxc8 Kg7 35. a4 Rb4 36. a5 Qxa5 37. h4 e6 38. Qc6 Rb1+ 39. Kf2 Bb4 40. f4 Be1+ 41. Kf3 gxh4 42. Qe8 Qd5+ 0-1

[Event "Liberec op 13th"]
[Site "Liberec"]
[Date "2012.10.25"]
[Round "7"]
[White "Voith, Walter"]
[Black "Nemcova, Kamila"]
[Result "0-1"]
[WhiteElo "1723"]
[BlackElo "1451"]
[PlyCount "94"]
[EventDate "2012.10.20"]
[EventType "swiss"]
[EventRounds "9"]
[EventCountry "CZE"]
[SourceTitle "EXT 2013"]
[Source "ChessBase"]
[SourceDate "2012.11.22"]
[SourceVersion "1"]
[SourceVersionDate "2012.11.22"]
[SourceQuality "1"]

1. Nf3 Nc6 2. d4 Nf6 3. c4 g6 4. Nc3 Bg7 5. g3 0-0 6. Bg2 d6 7. h3 Bf5 8. Nh4 Bd7 9. e4 Qc8 10. Be3 Nd8 11. Qd2 c5 12. d5 a6 13. Bh6 b5 14. Bxg7 Kxg7 15. b3 Nb7 16. g4 Re8 17. 0-0 e6 18. Rae1 exd5 19. Nxd5 Nxd5 20. exd5 Qd8 21. g5 bxc4 22. bxc4 Na5 23. Qc3+ Kg8 24. Rxe8+ Bxe8 25. f4 Rb8 26. Re1 Rb4 27. Bf1 Bd7 28. Kh2 Qb6 29. Bd3 Rb2+ 30. Kg3 Rxa2 31. Rb1 Qd8 32. Nf3 Ra4 33. Nd2 Qe8 34. Ne4 Kf8 35. Qh8+ Ke7 36. Qf6+ Kf8 37. Qxd6+ Qe7 38. Rb8+ Be8 39. Qxc5 Qxc5 40. Nxc5 Ra3 41. Kg4 Ke7 42. f5 Bd7 43. Nxd7 Kxd7 44. Be4 Nxc4 45. fxg6 hxg6 46. Rb7+ Kd6 47. Rxf7 Ne5+ 0-1

[Event "Liberec op 12th"]
[Site "Liberec"]
[Date "2011.10.27"]
[Round "6"]
[White "Svetinsky, Vladimir"]
[Black "Voith, Walter"]
[Result "1-0"]
[WhiteElo "1391"]
[BlackElo "1786"]
[PlyCount "41"]
[EventDate "2011.10.22"]
[EventType "swiss"]
[EventRounds "9"]
[EventCountry "CZE"]
[SourceTitle "EXT 2012"]
[Source "ChessBase"]
[SourceDate "2011.11.24"]
[SourceVersion "1"]
[SourceVersionDate "2011.11.24"]
[SourceQuality "1"]

1. e4 d5 2. exd5 Qxd5 3. Nc3 Qd6 4. d4 a6 5. Nf3 Nf6 6. a3 Nbd7 7. Bc4 h6 8. 0-0 b5 9. Ba2 e6 10. Re1 Nb6 11. Ne4 Nxe4 12. Rxe4 Nd5 13. c4 bxc4 14. Bxc4 Bb7 15. Re1 Be7 16. Ne5 0-0 17. Qb3 Rab8 18. Qh3 Bg5 19. Bxg5 hxg5 20. Bd3 Nf4 21. Qh7# 1-0

[Event "Liberec op 12th"]
[Site "Liberec"]
[Date "2011.10.25"]
[Round "4"]
[White "Hauksdottir, Hrund"]
[Black "Voith, Walter"]
[Result "1-0"]
[WhiteElo "1592"]
[BlackElo "1786"]
[PlyCount "108"]
[EventDate "2011.10.22"]
[EventType "swiss"]
[EventRounds "9"]
[EventCountry "CZE"]
[SourceTitle "EXT 2012"]
[Source "ChessBase"]
[SourceDate "2011.11.24"]
[SourceVersion "1"]
[SourceVersionDate "2011.11.24"]
[SourceQuality "1"]

1. e4 d5 2. exd5 Nf6 3. Nc3 Nxd5 4. Nf3 Bg4 5. d3 e6 6. Be2 Bb4 7. Bd2 Nc6 8. 0-0 0-0 9. a3 Be7 10. Ne4 Nf6 11. Ng3 Nd4 12. h3 Nxe2+ 13. Qxe2 Bxf3 14. Qxf3 c6 15. Rfe1 Qd5 16. Qe2 Rad8 17. Bc3 Rd7 18. Rad1 Qg5 19. Qe3 Nd5 20. Qxa7 Nxc3 21. bxc3 Bc5 22. Ne4 Bxa7 23. Nxg5 Rd5 24. Ne4 Rfd8 25. Rb1 b5 26. Rb4 h6 27. c4 bxc4 28. Rxc4 Ra5 29. a4 f5 30. Nd2 Rd6 31. Nb3 Rad5 32. Rb4 Bc5 33. Rb7 Bd4 34. Re7 e5 35. c4 Bxf2+ 36. Kxf2 Rxd3 37. Re3 e4 38. Rxd3 Rxd3 39. Na5 Ra3 40. Nxc6 Rxa4 41. Ne5 Ra2+ 42. Kg3 g5 43. Kh2 Rc2 44. Rc7 e3 45. Nf3 f4 46. c5 Rc1 47. c6 h5 48. Nxg5 e2 49. Nf3 Kf8 50. Rh7 Rxc6 51. Rxh5 Re6 52. Rf5+ Ke7 53. Rxf4 e1Q 54. Nxe1 Rxe1 1-0

[Event "Oberpfalz-ch M2"]
[Site "Roding"]
[Date "2010.03.27"]
[Round "1"]
[White "Voith, Walter"]
[Black "Miethaner, Ulrich"]
[Result "1/2-1/2"]
[WhiteElo "1623"]
[BlackElo "1782"]
[PlyCount "61"]
[EventDate "2010.03.27"]
[EventType "swiss"]
[EventRounds "8"]
[EventCountry "GER"]
[SourceTitle "EXT 2012"]
[Source "ChessBase"]
[SourceDate "2011.11.24"]
[SourceVersion "1"]
[SourceVersionDate "2011.11.24"]
[SourceQuality "1"]

1. Nf3 d5 2. g3 Nc6 3. d4 Bg4 4. Bg2 Nf6 5. 0-0 e6 6. b3 Bd6 7. Bb2 Qd7 8. Nbd2 0-0 9. c4 Rfe8 10. Ne5 Qd8 11. Nxg4 Nxg4 12. e4 Nh6 13. exd5 exd5 14. Bxd5 Qd7 15. Qf3 Bb4 16. Ne4 Rad8 17. a3 Bf8 18. Rad1 Na5 19. Nc5 Bxc5 20. dxc5 Nc6 21. Qc3 Qg4 22. f3 Qg6 23. Be4 f5 24. Rxd8 Nxd8 25. Bd5+ Kh8 26. f4 c6 27. Bf3 Ng4 28. Re1 Ne6 29. Bxg4 fxg4 30. Qe5 Qf7 31. f5 1/2-1/2

[Event "Novy Bor op"]
[Site "Novy Bor"]
[Date "2010.02.16"]
[Round "5"]
[White "Bakalar, Jan"]
[Black "Voith, Walter"]
[Result "1-0"]
[WhiteElo "2155"]
[BlackElo "1851"]
[PlyCount "71"]
[EventDate "2010.02.13"]
[EventType "swiss"]
[EventRounds "9"]
[EventCountry "CZE"]
[SourceTitle "CBM 134 Extra"]
[Source "ChessBase"]
[SourceDate "2010.03.03"]
[SourceVersion "1"]
[SourceVersionDate "2010.03.03"]
[SourceQuality "1"]

1. e4 d5 2. Nc3 dxe4 3. Nxe4 Bf5 4. Ng3 Bg6 5. h4 h6 6. Nf3 e6 7. Ne5 Bh7 8. d4 Nf6 9. c3 Nbd7 10. Qb3 Nb6 11. a4 a5 12. f4 Qd5 13. Qd1 Be7 14. Be3 0-0 15. c4 Bb4+ 16. Kf2 Qd8 17. c5 Nbd5 18. Bd2 Qe7 19. Qe1 Rfd8 20. Nf3 Bxd2 21. Qxd2 Ng4+ 22. Kg1 Nge3 23. Re1 Nxf1 24. Kxf1 Qf6 25. Ne2 Qf5 26. g3 f6 27. Nc3 Nb4 28. Kg2 Nd3 29. Re2 c6 30. Qe3 Re8 31. Rf1 Kf7 32. Nd2 Re7 33. Nde4 Qg4 34. Qxd3 g5 35. fxg5 Bf5 36. Nd6+ 1-0

[Event "Marianske Lazne op"]
[Site "Marianske Lazne"]
[Date "2010.01.23"]
[Round "9"]
[White "Voith, Walter"]
[Black "Gunnarsson, Leif"]
[Result "1-0"]
[WhiteElo "1851"]
[BlackElo "1729"]
[PlyCount "57"]
[EventDate "2010.01.16"]
[EventType "swiss"]
[EventRounds "9"]
[EventCountry "CZE"]
[SourceTitle "CBM 134 Extra"]
[Source "ChessBase"]
[SourceDate "2010.03.03"]
[SourceVersion "1"]
[SourceVersionDate "2010.03.03"]
[SourceQuality "1"]

1. Nf3 c5 2. g3 Nf6 3. Bg2 e6 4. 0-0 Be7 5. d3 d6 6. e4 Nc6 7. Re1 0-0 8. Nbd2 a6 9. a4 Rb8 10. Nf1 Qc7 11. h4 b5 12. N1h2 e5 13. Nf1 Ng4 14. Ne3 Nxe3 15. Rxe3 f5 16. exf5 Bxf5 17. Ng5 g6 18. Bd5+ Kg7 19. Ne6+ Bxe6 20. Bxe6 Rf6 21. Bd5 Rbf8 22. Rf3 Rxf3 23. Bxf3 Bf6 24. axb5 axb5 25. c3 Ne7 26. Ra8 Rxa8 27. Bxa8 Qa7 28. Bg2 Qa1 29. Bh6+ 1-0

[Event "Marianske Lazne op"]
[Site "Marianske Lazne"]
[Date "2009.01.21"]
[Round "5"]
[White "Dmochowska, Agnieszka"]
[Black "Voith, Walter"]
[Result "1-0"]
[WhiteElo "1519"]
[BlackElo "1877"]
[PlyCount "92"]
[EventDate "2009.01.17"]
[EventType "swiss"]
[EventRounds "9"]
[EventCountry "CZE"]
[SourceTitle "CBM 128 Extra"]
[Source "ChessBase"]
[SourceDate "2009.03.05"]
[SourceVersion "2"]
[SourceVersionDate "2009.03.25"]
[SourceQuality "1"]

1. e4 c5 2. c3 e6 3. d4 a6 4. Nf3 Qc7 5. Be3 b6 6. Nbd2 Bb7 7. Bd3 Nf6 8. 0-0 h6 9. h3 d6 10. Bf4 Nbd7 11. e5 dxe5 12. dxe5 Nd5 13. Bh2 b5 14. c4 Nb4 15. Be2 Nc6 16. cxb5 Ncxe5 17. Nxe5 Nxe5 18. Qa4 Bd6 19. bxa6+ Bc6 20. Bb5 Ke7 21. Bxe5 Bxb5 22. Bxd6+ Qxd6 23. Qxb5 Qxd2 24. Rfd1 Qb4 25. Rd7+ Kf6 26. a4 g5 27. Rb7 Rab8 28. Rxb8 Rxb8 29. Qxb4 cxb4 30. Rc1 Rb6 31. Rc4 b3 32. Kf1 Ke5 33. Ke2 Rxa6 34. Rb4 h5 35. Ke3 f5 36. Rb5+ Kf6 37. a5 h4 38. f3 Ke7 39. Kd4 Rd6+ 40. Kc3 Kf6 41. Rb6 Ke7 42. Rxd6 Kxd6 43. Kxb3 Kc5 44. Kc3 e5 45. b4+ Kb5 46. Kd3 Kxb4 1-0

[Event "Oberpfalz-ch M3"]
[Site "Kareth Lappersdorf"]
[Date "2008.03.18"]
[Round "8"]
[White "Zierl, Johann"]
[Black "Voith, Walter"]
[Result "1-0"]
[WhiteElo "1461"]
[BlackElo "1523"]
[PlyCount "42"]
[EventDate "2008.03.15"]
[EventType "swiss"]
[EventRounds "8"]
[EventCountry "GER"]
[SourceTitle "EXT 2022"]
[Source "ChessBase"]
[SourceDate "2021.10.06"]
[SourceVersion "1"]
[SourceVersionDate "2021.10.06"]
[SourceQuality "1"]

1. e4 c6 2. d4 d5 3. Nc3 dxe4 4. Nxe4 Bf5 5. f3 e6 6. Ne2 h6 7. N2g3 Bh7 8. c3 Qc7 9. Bd3 Nd7 10. 0-0 Ngf6 11. Qc2 0-0-0 12. Be3 Kb8 13. Rad1 Nd5 14. Bd2 c5 15. c4 Nf4 16. Bxf4 Qxf4 17. dxc5 Nxc5 18. Nxc5 Bxc5+ 19. Kh1 Bxd3 20. Rxd3 Bd6 21. Rfd1 h5 1-0